000
00303nam a22001337a 4500
008
171018b xxu||||| |||| 00| 0 eng d
020
_a
0312654715
041
_a
eng
080
_a
338
100
_a
53
101
_a
MEN
245
_a
PUBLIC MANAGEMENT AND POLICY ANALYSIS
_c
BOZEMAN,B
942
_2
udc
_c
BK
999
_c
34605
_d
34605